[Event "Hong Kong-ch prel"]
[Site "Hong Kong"]
[Date "2015.03.02"]
[Round "8"]
[White "Cheung, Tuen"]
[Black "Ho, In Hei Henry"]
[Result "0-1"]
[WhiteElo "1282"]
[BlackElo "1536"]
[PlyCount "62"]
[EventDate "2015.01.05"]
[EventType "swiss"]
[EventRounds "9"]
[EventCountry "HKG"]
[SourceTitle "EXT 2016"]
[Source "ChessBase"]
[SourceDate "2015.10.08"]
[SourceVersion "1"]
[SourceVersionDate "2015.10.08"]
[SourceQuality "1"]

1. d4 Nf6 2. c4 c5 3. dxc5 Nc6 4. Nc3 e5 5. f3 Bxc5 6. e4 0-0 7. Nd5 Nxd5 8. cxd5 Nd4 9. Ne2 d6 10. Bd2 Qh4+ 11. Ng3 f5 12. f4 exf4 13. Qh5 Qxh5 14. Nxh5 Nc2+ 15. Kd1 Nxa1 16. Bc3 fxe4 17. Nxg7 Rf7 18. Ne6 Bxe6 19. dxe6 Re7 20. Bc4 b5 21. Bxb5 d5 22. Bc6 Rd8 23. Bd7 d4 24. Ba5 Rb8 25. b3 d3 26. Bc7 Rf8 27. Kd2 Bb4+ 28. Kc1 e3 29. Kd1 e2+ 30. Kc1 Nc2 31. Be5 e1Q+ 0-1

[Event "Hong Kong-ch prel"]
[Site "Hong Kong"]
[Date "2015.02.02"]
[Round "5"]
[White "Bong, James"]
[Black "Cheung, Tuen"]
[Result "0-1"]
[WhiteElo "1600"]
[BlackElo "1282"]
[PlyCount "80"]
[EventDate "2015.01.05"]
[EventType "swiss"]
[EventRounds "9"]
[EventCountry "HKG"]
[SourceTitle "EXT 2016"]
[Source "ChessBase"]
[SourceDate "2015.10.08"]
[SourceVersion "1"]
[SourceVersionDate "2015.10.08"]
[SourceQuality "1"]

1. e4 e5 2. c4 Nf6 3. Nc3 d6 4. a3 Nbd7 5. b4 b6 6. d3 Bb7 7. f4 exf4 8. Bxf4 Be7 9. Be2 0-0 10. Nf3 h6 11. 0-0 Kh7 12. Qc2 Kg8 13. Nd4 Bc8 14. Nf5 Ne5 15. Bxe5 dxe5 16. Nd5 Bxf5 17. Nxf6+ Bxf6 18. Rxf5 Qd4+ 19. Rf2 Qxa1+ 20. Rf1 Qxa3 21. Qd2 Be7 22. b5 Qb4 23. Qd1 Qc5+ 24. Kh1 a5 25. Qe1 a4 26. Bh5 Bf6 27. Qg3 Qd6 28. Rf2 a3 29. Ra2 Qb4 30. Ra1 Qb2 31. Qe1 Rfd8 32. Be2 Bg5 33. g3 a2 34. Qf1 Ra3 35. h4 Bd2 36. Bh5 f6 37. Bg4 Rd6 38. Kg2 Bc3+ 39. Kh3 Qxa1 40. Qf5 Qh1# 0-1